000 00532cam a2200205u 4500
001 6565134
005 20180131040037.0
008 821020s1962 nyu 000 0 eng
010 _a 62006385
040 _aDLC
_cCarP
_dDLC
041 _aeng
080 _a316 JON
082 _a316 JON
100 1 _a50
101 _aSOC
240 0 0 _aNatural child rearing. [from old catalog]
245 1 4 _aThe intelligent parent's guide to raising children.
906 _a0
_bcbc
_cpremunv
_du
_encip
_f19
_gy-gencatlg
942 _2ddc
_cBK
999 _c41338
_d41338